书目信息 |
| 题名: |
可恢复功能波形钢板-混凝土组合剪力墙抗震性能与设计方法研究
|
|
| 作者: | 王威 , 苏三庆 著 | |
| 分册: | ||
| 出版信息: | 西安 陕西科学技术出版社 2019.08 |
|
| 页数: | 394页 | |
| 开本: | 29cm | |
| 丛书名: | ||
| 单 册: | ||
| 中图分类: | TU398 | |
| 科图分类: | ||
| 主题词: | 钢板--gang ban--混凝土结构--框架剪力墙结构--防震设计--研究 | |
| 电子资源: | ||
| ISBN: | 978-7-5369-7596-5 | |
| 000 | 01012nam0 2200241 450 | |
| 001 | 2074035760 | |
| 005 | 20201107203402.79 | |
| 010 | @a978-7-5369-7596-5@dCNY68.00 | |
| 100 | @a20200717d2019 em y0chiy50 ea | |
| 101 | 0 | @achi |
| 102 | @aCN@b610000 | |
| 105 | @aak a 000yy | |
| 200 | 1 | @a可恢复功能波形钢板-混凝土组合剪力墙抗震性能与设计方法研究@Ake hui fu gong neng bo xing gang ban - hun ning tu zu he jian li qiang kang zhen xing neng yu she ji fang fa yan jiu@f王威, 苏三庆著 |
| 210 | @a西安@c陕西科学技术出版社@d2019.08 | |
| 215 | @a394页@c图@d29cm | |
| 320 | @a有书目 (第381-394页) | |
| 330 | @a本书系统地阐述了高层、超高层建筑结构中关键受力构件剪力墙的可恢复功能抗震设计方法。内容包括: 波形钢板剪力墙抗震性能试验研究 ; 波形钢板 —— 混凝土组合剪力墙抗震性能等。 | |
| 606 | 0 | @a钢板@Agang ban@x混凝土结构@x框架剪力墙结构@x防震设计@x研究 |
| 690 | @aTU398@v5 | |
| 701 | 0 | @a王威@Awang wei@4著 |
| 701 | 0 | @a苏三庆@Asu san qing@4著 |
| 801 | 0 | @aCN@b人天书店@c20201002 |
| 905 | @aZUCC@dTU398@eW373 | |
| 可恢复功能波形钢板-混凝土组合剪力墙抗震性能与设计方法研究/王威, 苏三庆著.-西安:陕西科学技术出版社,2019.08 |
| 394页:图;29cm |
| ISBN 978-7-5369-7596-5:CNY68.00 |
| 本书系统地阐述了高层、超高层建筑结构中关键受力构件剪力墙的可恢复功能抗震设计方法。内容包括: 波形钢板剪力墙抗震性能试验研究 ; 波形钢板 —— 混凝土组合剪力墙抗震性能等。 |
| ● |
| 相关链接 |
|
|
|
正题名:可恢复功能波形钢板-混凝土组合剪力墙抗震
索取号:TU398/W373
 
预约/预借
| 序号 | 登录号 | 条形码 | 馆藏地/架位号 | 状态 | 备注 |
| 1 | 1487065 | 214870656 | 建筑库101/101建筑库 91排4列4层/ [索取号:TU398/W373] | 在馆 | |
| 2 | 1487066 | 214870665 | 建筑库101/101建筑库 91排4列4层/ [索取号:TU398/W373] | 在馆 |